[Event "POHÁR města Říčany 2022"]
[Site "Městské kulturní středisko U labutě"]
[Date "2022.08.28"]
[Round "2.18"]
[White "Simecek, Bohumil"]
[Black "Pavlicek, Petr"]
[Result "1/2-1/2"]
[WhiteElo "2051"]
[BlackElo "1781"]
[PlyCount "0"]
[EventDate "2022.08.27"]

1. d4 Nf6 2. c4 g6 3. Nc3 d5 4. Bg5 Ne4 5. Bh4 Nxc3 6. bxc3 dxc4 7. e3 Be6
8. Nf3 Bg7 9. Qb1 b6 10. Ng5 Bd5 11. e4 h6 12. exd5 hxg5 13. Qb5+ Kf8 14. Bxg5
c5 15. dxc6 Qd6 16. Bxc4 Nxc6 17. Qd5 Qxd5 18. Bxd5 Rc8 19. Bf3 Na5 20. O-O Rxc3
21. Be3 e5 22. d5 Ke7 23. Bd2 Rc2 24. Bb4+ Kd7 25. Bd1 Rc4 26. Ba4+ Kd8 27. a3
Nb7 28. Rac1 Rhh4 29. Bb5 Rxc1 30. Rxc1 Rd4 31. Bc6 Nc5 32. Bxc5 bxc5 33. g3 c4
34. Rb1 c3 35. Rc1 Rd3 1/2-1/2

[Event "POHÁR města Říčany 2022"]
[Site "Městské kulturní středisko U labutě"]
[Date "2022.08.28"]
[Round "2.19"]
[White "Bezdek, Tomas"]
[Black "Horyna, Josef"]
[Result "1-0"]
[WhiteElo "2034"]
[BlackElo "1694"]
[PlyCount "0"]
[EventDate "2022.08.27"]

1. e4 e6 2. f4 d5 3. e5 c5 4. Nf3 Nc6 5. c3 Nge7 6. Na3 Nf5 7. Bd3 Be7 8. Bxf5
exf5 9. Nc2 O-O 10. d4 c4 11. a4 Na5 12. O-O Nb3 13. Ra2 a5 14. Ne3 Ra6 15. Nd2
Nxd2 16. Bxd2 Rb6 17. Kh1 g6 18. Qf3 Be6 19. h3 h5 20. g4 hxg4 21. hxg4 fxg4
22. Nxg4 Kg7 23. f5 Rh8+ 24. Bh6+ Rxh6+ 25. Nxh6 Bxf5 26. Nxf5+ gxf5 27. Rg1+
Rg6 28. Rxg6+ fxg6 29. Ra1 Qd7 30. Rg1 g5 31. Qh5 Qe6 32. Qe8 g4 33. Kg2 Qf7
34. Qd7 Bg5 35. e6 1-0

[Event "POHÁR města Říčany 2022"]
[Site "Městské kulturní středisko U labutě"]
[Date "2022.08.28"]
[Round "2.20"]
[White "Jankovsky, Zbynek"]
[Black "Elias, Jakub"]
[Result "0-1"]
[WhiteElo "1552"]
[BlackElo "1982"]
[PlyCount "0"]
[EventDate "2022.08.27"]

1. f4 d5 2. Nf3 c5 3. d4 cxd4 4. Qxd4 Nc6 5. Qd1 Nf6 6. e3 a6 7. a3 Qc7 8. b4
e5 9. fxe5 Nxe5 10. Nd4 Bd6 11. Bb2 Neg4 12. Nb5 axb5 13. Bxb5+ Bd7 14. Bxd7+
Qxd7 15. Bxf6 Nxf6 16. Nd2 Qe7 17. Qf3 Bxb4 0-1

[Event "POHÁR města Říčany 2022"]
[Site "Městské kulturní středisko U labutě"]
[Date "2022.08.28"]
[Round "2.21"]
[White "Plasil, Petr"]
[Black "Rerabek, Jaroslav"]
[Result "1-0"]
[WhiteElo "1963"]
[BlackElo "1673"]
[PlyCount "0"]
[EventDate "2022.08.27"]

1. d4 Nf6 2. c4 e5 3. dxe5 Ng4 4. Bf4 Bb4+ 5. Nd2 d6 6. Nf3 dxe5 7. Nxe5 Bxd2+
8. Qxd2 Qxd2+ 9. Kxd2 Nxf2 10. Rg1 Ne4+ 11. Kc2 g5 12. Be3 f6 13. Nd3 Nc6 14. g4
Bd7 15. b3 O-O-O 16. Bg2 Rde8 17. Bf3 Nd6 18. Bf2 Kb8 19. Rad1 Re7 20. Kb1 Nd8
21. Nb4 Nc6 22. Nxc6+ Bxc6 23. Bxc6 bxc6 24. Rde1 a5 25. Bd4 Ne4 26. h4 Rhe8
27. Bb2 1-0

[Event "POHÁR města Říčany 2022"]
[Site "Městské kulturní středisko U labutě"]
[Date "2022.08.28"]
[Round "2.22"]
[White "Cervenka, Petr"]
[Black "Davidek, Zdenek"]
[Result "0-1"]
[WhiteElo "1928"]
[BlackElo "1621"]
[PlyCount "0"]
[EventDate "2022.08.27"]

1. e4 c6 2. d4 d5 3. exd5 cxd5 4. c4 Nf6 5. Nc3 Nc6 6. Bf4 g6 7. c5 Bg7 8. Be2
O-O 9. h4 Ne4 10. Nf3 Bg4 11. Ng5 Bxe2 12. Nxe2 e5 13. Nxe4 dxe4 14. Bg5 Qd5
15. dxe5 Qxe5 16. Qb3 Qxc5 17. Bd2 Nd4 18. Nxd4 Bxd4 19. O-O Qe5 20. Rab1 b6
21. Be3 Bxe3 22. fxe3 Qe7 23. Rf4 Rad8 24. Qc4 Rfe8 25. Rbf1 Rd7 26. Rf6 Kg7
27. Qc3 Qe5 28. Qc6 Rc7 29. Qa4 Re6 30. Rxe6 Qxe6 31. Qd4+ f6 32. b3 Re7 33. Rf4
h6 34. g4 Qe5 35. Qxe5 Rxe5 36. Rf2 Kf7 37. Rd2 Ke7 38. Kf2 h5 39. Kg3 hxg4
40. Kxg4 Rf5 41. Rd4 Rf2 42. Rxe4+ Kf7 43. Ra4 a5 44. a3 Ra2 45. b4 axb4
46. Rxb4 Rxa3 47. e4 Ra6 48. Kf4 Ke6 49. Rb5 Kd6 50. h5 gxh5 51. Rxh5 Ra5
52. Rh6 Ke6 53. Rh1 Ra8 54. Rc1 Rd8 55. Rb1 Rd6 56. Rb4 Kd7 57. e5 fxe5+
58. Kxe5 Kc7 59. Rb5 Rd1 60. Rd5 Rc1 61. Kd4 Kb7 62. Rb5 Ka6 63. Rb2 b5 64. Ra2+
Kb6 65. Kd3 Kc5 66. Kd2 Rc4 67. Kd3 Rh4 68. Re2 Kb4 69. Rb2+ Ka4 70. Rg2 Kb3
71. Kd2 Kb2 72. Kd3+ Kb3 73. Kd2 Rc4 74. Rg3+ Kb2 75. Rg1 Rd4+ 76. Ke3 Rd8
77. Rg4 Kc3 78. Rg7 Re8+ 79. Kf2 b4 80. Rg3+ Kc2 81. Rg7 b3 82. Rc7+ Kb1 83. Rb7
b2 84. Rc7 Re5 85. Rc6 Ka2 86. Ra6+ Kb3 87. Rb6+ Kc3 88. Rc6+ Kb4 89. Rc2 b1=Q
0-1

[Event "POHÁR města Říčany 2022"]
[Site "Městské kulturní středisko U labutě"]
[Date "2022.08.28"]
[Round "2.23"]
[White "Siles, Jan"]
[Black "Vavrinec, Tomas"]
[Result "0-1"]
[WhiteElo "1780"]
[BlackElo "1911"]
[PlyCount "0"]
[EventDate "2022.08.27"]

1. d4 Nf6 2. Nf3 c5 3. c4 cxd4 4. Nxd4 Nc6 5. Nc3 g6 6. e4 Bg7 7. Be3 Ng4
8. Qxg4 Nxd4 9. Qd1 Nc6 10. Be2 Bxc3+ 11. bxc3 Qa5 12. O-O Qxc3 13. Rc1 Qe5
14. Qd5 d6 15. f4 Qb2 16. Rf2 Qa3 17. Qd2 b6 18. Rcf1 Bb7 19. Bg4 Rd8 20. Bh3
Ba6 21. f5 Ne5 22. fxg6 hxg6 23. Bd4 Bxc4 24. Qf4 Rh5 25. Rc1 Nd3 26. Rc3 Qxc3
27. Bxc3 Nxf4 0-1

[Event "POHÁR města Říčany 2022"]
[Site "Městské kulturní středisko U labutě"]
[Date "2022.08.28"]
[Round "2.24"]
[White "Bartos, Vaclav"]
[Black "Pechanek, Krystof Jan"]
[Result "1/2-1/2"]
[WhiteElo "1889"]
[BlackElo "1556"]
[PlyCount "0"]
[EventDate "2022.08.27"]

1. d4 Nf6 2. c4 d6 3. Nc3 g6 4. e4 Bg7 5. Nf3 Bg4 6. Be2 c5 7. d5 Nbd7 8. Be3
Nb6 9. Qd2 Bxf3 10. gxf3 Qd7 11. Bh6 Bxh6 12. Qxh6 O-O-O 13. O-O-O Na4 14. Rd3
Nxc3 15. Rxc3 Kb8 16. Kb1 Nh5 17. f4 Nf6 18. Bd3 Qg4 19. Rf1 Qf3 1/2-1/2

[Event "POHÁR města Říčany 2022"]
[Site "Městské kulturní středisko U labutě"]
[Date "2022.08.28"]
[Round "2.25"]
[White "Zemen, Pavel"]
[Black "Taborsky, Rostislav"]
[Result "1/2-1/2"]
[WhiteElo "1731"]
[BlackElo "2192"]
[PlyCount "0"]
[EventDate "2022.08.27"]

1. e4 c5 2. Nf3 e6 3. d4 cxd4 4. Nxd4 Nc6 5. Be2 Nf6 6. Nc3 Bb4 7. Qd3 d5
8. Nxc6 bxc6 9. exd5 exd5 10. O-O O-O 11. h3 Re8 12. Bf3 a5 13. Rd1 h6 14. Be3
Nd7 15. Be2 Ba6 16. Qd2 Bxe2 17. Qxe2 Bxc3 18. bxc3 Ne5 19. Bd4 Nc4 20. Qg4 Qg5
21. Qd7 Re6 22. Re1 Rd8 23. Qc7 Rde8 24. Rxe6 Rxe6 25. Rb1 Qe7 26. Qf4 Re1+
27. Rxe1 Qxe1+ 28. Kh2 Qe6 29. Kg1 Qe1+ 30. Kh2 Qe6 31. Kg1 Kh7 32. Qc7 f6
33. Kh1 h5 34. Qf4 Qe1+ 35. Kh2 Qe4 36. Qc7 Qe6 37. Kg1 Kg6 38. Qg3+ Kf7 39. Qf3
Kg6 40. Qg3+ Kf7 41. Qf3 g6 42. Qf4 g5 43. Qc7+ Kg6 44. Qd8 h4 45. Qf8 a4
46. Qa8 a3 47. Qf8 Qe1+ 48. Kh2 Qe6 49. Kg1 Qe1+ 50. Kh2 Qe6 51. Kg1 Qe1+
52. Kh2 1/2-1/2

[Event "POHÁR města Říčany 2022"]
[Site "Městské kulturní středisko U labutě"]
[Date "2022.08.28"]
[Round "2.26"]
[White "Hosova, Sandra"]
[Black "Steiner, Juraj"]
[Result "0-1"]
[WhiteElo "1708"]
[BlackElo "2005"]
[PlyCount "0"]
[EventDate "2022.08.27"]

1. d4 d5 2. Bf4 e6 3. Nf3 Bd6 4. Bg3 Nf6 5. e3 O-O 6. Bd3 c5 7. c3 b6 8. Nbd2
Bb7 9. Ne5 Qc7 10. f4 Ne4 11. Qh5 cxd4 12. exd4 f6 13. Ng4 Nd7 14. Rf1 f5
15. Ne5 Nxd2 16. Kxd2 Nf6 17. Qh3 Ne4+ 18. Ke2 Rf6 19. Bh4 Rh6 20. g4 Be7 21. g5
Rh5 22. Ke3 Nxg5 23. Qg3 Ne4 24. Bxe4 dxe4 25. Bxe7 Qxe7 26. Rg1 Rf8 27. Rg2 Kh8
28. Rag1 g5 29. Ke2 e3 30. Nf3 g4 31. Kxe3 Rh3 0-1

[Event "POHÁR města Říčany 2022"]
[Site "Městské kulturní středisko U labutě"]
[Date "2022.08.28"]
[Round "2.27"]
[White "Svetly, Jiri"]
[Black "Pejrimovsky, Tadeas Rubel"]
[Result "1-0"]
[WhiteElo "1825"]
[BlackElo "1716"]
[PlyCount "0"]
[EventDate "2022.08.27"]

1. d4 Nf6 2. c4 g6 3. Nc3 Bg7 4. e4 d6 5. Bg5 O-O 6. Qd2 e5 7. dxe5 dxe5
8. Qxd8 Rxd8 9. Nd5 Nbd7 10. Nxc7 Rb8 11. f3 h6 12. Be3 b6 13. O-O-O Bb7 14. Nd5
Nxd5 15. cxd5 Rbc8+ 16. Kb1 Nc5 17. Ne2 f5 18. Nc3 Bf8 19. Rc1 Kh7 20. Be2 a6
21. Rc2 fxe4 22. fxe4 b5 23. Rf1 Kg7 24. Bg4 Rc7 25. Rfc1 Rf7 26. Bf3 Nd3
27. Rd1 Nf4 28. Bb6 Rdd7 29. Bg4 Rd6 30. Bc5 Rd8 31. b4 h5 32. Bf3 Rc8 33. Be2
Nxe2 34. Nxe2 Rd7 35. g4 h4 36. g5 Rf7 1-0

[Event "POHÁR města Říčany 2022"]
[Site "Městské kulturní středisko U labutě"]
[Date "2022.08.28"]
[Round "2.28"]
[White "Feierfeil, Jiri"]
[Black "Koper, Stefan"]
[Result "1-0"]
[WhiteElo "1684"]
[BlackElo "1823"]
[PlyCount "0"]
[EventDate "2022.08.27"]

1. d4 d5 2. Nf3 Nf6 3. Nbd2 e6 4. g3 c5 5. c3 cxd4 6. cxd4 Be7 7. Bg2 O-O
8. O-O b6 9. b3 Bb7 10. Ne5 Na6 11. Bb2 Nc7 12. Re1 Nb5 13. e3 h5 14. Rc1 Bd6
15. Bf1 a6 16. Bd3 g6 17. Qe2 Nc7 18. f4 Kg7 19. Ndf3 Ne4 20. Nh4 Ne8 21. Rc2
Be7 22. Ng2 Rh8 23. Rec1 h4 24. g4 h3 25. Ne1 Bh4 26. Bxe4 dxe4 27. Nc6 Qd5
28. g5 Rh5 29. Ne7 Qd8 30. d5+ Kh7 31. Nc6 Qxd5 32. Ne5 Kg8 33. Rd2 Qb5 34. Qd1
Bd5 35. Nc2 Qa5 36. Nd4 b5 37. Ng4 Bxg5 38. fxg5 Rxg5 39. Bc3 b4 40. Ba1 f5
41. Nc6 Bxc6 42. Rxc6 Rxg4+ 43. Kh1 Ng7 44. Rd7 Nh5 45. Qd4 e5 46. Qc4+ Kh8
47. Qf7 Qb5 48. Qh7# 1-0

[Event "POHÁR města Říčany 2022"]
[Site "Městské kulturní středisko U labutě"]
[Date "2022.08.28"]
[Round "2.29"]
[White "Pressler, Tobias"]
[Black "Pejrimovska, Viola Ruby"]
[Result "1-0"]
[WhiteElo "1821"]
[BlackElo "1626"]
[PlyCount "0"]
[EventDate "2022.08.27"]

1. e4 c5 2. Nf3 e6 3. d4 cxd4 4. Nxd4 a6 5. g3 b5 6. Bg2 Bb7 7. O-O d6 8. Nc3
Qc7 9. Re1 Nf6 10. e5 dxe5 11. Bxb7 Qxb7 12. Rxe5 Be7 13. Bg5 O-O 14. Qf3 Qxf3
15. Nxf3 Nc6 16. Ree1 h6 17. Bf4 g5 18. Be5 Nd7 19. Rad1 Ndxe5 20. Nxe5 Nxe5
21. Rxe5 Rfd8 22. Ree1 Bb4 23. Rd3 Rac8 24. Red1 Rxd3 25. Rxd3 Bxc3 26. bxc3 Rc4
27. Kf1 Ra4 28. Ke2 Rxa2 29. Kd2 Ra1 30. Rd6 a5 31. Rb6 a4 32. Rxb5 a3 33. Ra5
a2 34. c4 Kf8 35. Kc3 Ke7 36. h4 gxh4 37. gxh4 Rf1 38. Rxa2 Rxf2 39. Kb4 Kd6
40. Ra6+ Kc7 41. c5 e5 42. Kb5 e4 43. Ra7+ Kb8 44. Re7 f5 45. Kb6 Kc8 46. c6 Kd8
47. Rg7 Rxc2 48. c7+ Kc8 49. Rg8+ Kd7 50. Rd8+ Ke6 51. c8=Q+ Rxc8 52. Rxc8 Kd5
53. Kb5 e3 54. Rd8+ Ke4 55. Kc4 Kf3 56. Kd3 f4 57. Rf8 Kg3 58. Ke2 Kg4 59. Rg8+
Kxh4 60. Kf3 Kh3 61. Kxf4 h5 62. Kxe3 h4 63. Kf3 Kh2 64. Rh8 Kh3 65. Kf4 Kg2
66. Rxh4 Kg1 67. Kg3 Kf1 68. Re4 Kg1 69. Re1# 1-0

[Event "POHÁR města Říčany 2022"]
[Site "Městské kulturní středisko U labutě"]
[Date "2022.08.28"]
[Round "2.30"]
[White "Hampel, Rudolf"]
[Black "Strnad, Michael"]
[Result "0-1"]
[WhiteElo "1597"]
[BlackElo "1818"]
[PlyCount "0"]
[EventDate "2022.08.27"]

1. e4 c5 2. Nf3 g6 3. d4 cxd4 4. Nxd4 Bg7 5. Nc3 Nc6 6. Be3 Nf6 7. Nxc6 bxc6
8. Bc4 Qa5 9. O-O O-O 10. Qd2 Qc7 11. Rad1 Ng4 12. Bf4 Be5 13. Bxe5 Qxe5 14. f4
Qc5+ 15. Qd4 Qxd4+ 16. Rxd4 Ne3 17. Rf2 c5 18. Bxf7+ Rxf7 19. Rd3 Ng4 20. Rff3
Rf8 21. b3 d6 22. h3 Nf6 23. g4 Bb7 24. Rfe3 Rad8 25. e5 Ne8 26. f5 gxf5
27. gxf5 Rxf5 28. Rg3+ Kh8 29. Ne2 Ng7 30. exd6 Rxd6 31. Rde3 Rd1+ 0-1

[Event "POHÁR města Říčany 2022"]
[Site "Městské kulturní středisko U labutě"]
[Date "2022.08.28"]
[Round "2.31"]
[White "Strnadova, Monika"]
[Black "Bednar, Milos"]
[Result "1/2-1/2"]
[WhiteElo "1564"]
[BlackElo "1798"]
[PlyCount "0"]
[EventDate "2022.08.27"]

1. e4 c5 2. Nf3 Nc6 3. d4 cxd4 4. Nxd4 Nf6 5. Nc3 d6 6. Be3 Ng4 7. Nxc6 bxc6
8. Bf4 Qb6 9. Qd2 Rb8 10. Rb1 e5 11. Bg3 Be6 12. Be2 Be7 13. O-O O-O 14. Kh1
Rfd8 15. h3 Nf6 16. f4 d5 17. fxe5 Nxe4 18. Nxe4 dxe4 19. Qf4 Bxa2 20. Ra1 Qxb2
21. e6 Bxe6 22. Qxe4 Bd6 23. Bxd6 Rxd6 24. Rxa7 Qd4 25. Qxd4 Rxd4 26. Bf3 c5
27. Kh2 g6 28. Rf2 Rb2 29. Bg4 Ba2 30. Rc7 f5 31. Re2 1/2-1/2

[Event "POHÁR města Říčany 2022"]
[Site "Městské kulturní středisko U labutě"]
[Date "2022.08.28"]
[Round "2.32"]
[White "Kovar, Jan"]
[Black "Bara, Jan"]
[Result "1/2-1/2"]
[WhiteElo "1798"]
[BlackElo "1592"]
[PlyCount "0"]
[EventDate "2022.08.27"]

1. e4 c5 2. Nf3 d6 3. Bb5+ Nc6 4. O-O g6 5. Re1 Bg7 6. c3 Nh6 7. d4 cxd4
8. cxd4 O-O 9. h3 Qb6 10. Bxc6 bxc6 11. Nc3 f5 12. e5 Bb7 13. Rb1 Rae8 14. Bf4
Nf7 15. d5 cxd5 16. Nxd5 Bxd5 17. Qxd5 e6 18. Qc4 d5 19. Qd4 Qxd4 20. Nxd4 g5
21. Bd2 Bxe5 22. Nc6 Bg7 23. Bb4 a6 24. Bxf8 Bxf8 25. Nd4 Nd8 26. Nxf5 Kf7
27. Ne3 Nb7 28. Rbc1 Nc5 29. Red1 Rb8 30. b3 a5 31. Rb1 Ne4 32. Rdc1 Bg7
33. Rc7+ Kg6 34. Rc6 Kf7 35. Rc7+ Kg6 36. Rc6 Kf7 37. f3 Nc3 38. Rb2 Bd4
39. Rxc3 Bxc3 40. Rc2 Bd4 41. Kf2 Kf6 42. Ke2 Bxe3 43. Kxe3 Rb7 44. Rc5 Ra7
45. g4 Ke5 46. Rb5 Kd6 47. Rb6+ Ke5 48. Rc6 d4+ 49. Kd3 Kd5 50. Rc8 Rf7 51. Ke2
Ra7 52. Rg8 h6 53. Kd3 Rf7 54. Ke2 Ra7 55. Kd3 1/2-1/2

[Event "POHÁR města Říčany 2022"]
[Site "Městské kulturní středisko U labutě"]
[Date "2022.08.28"]
[Round "2.33"]
[White "Mrazek, Adam"]
[Black "Meca, Viktor"]
[Result "1/2-1/2"]
[WhiteElo "1546"]
[BlackElo "1796"]
[PlyCount "0"]
[EventDate "2022.08.27"]

1. Nf3 Nf6 2. c4 g6 3. Nc3 Bg7 4. e4 d6 5. d4 O-O 6. Be2 c5 7. O-O cxd4 8. Nxd4
Bd7 9. Be3 Nc6 10. f3 a6 11. Rc1 Rc8 12. Qd2 Qa5 13. b3 Rfd8 14. Rfe1 e6 15. Bf1
d5 16. exd5 exd5 17. cxd5 Nxd5 18. Nxc6 Bxc6 19. Nxd5 Qxd5 1/2-1/2

[Event "POHÁR města Říčany 2022"]
[Site "Městské kulturní středisko U labutě"]
[Date "2022.08.28"]
[Round "2.34"]
[White "Kalveus, Jan"]
[Black "Markina, Sofiia"]
[Result "1-0"]
[WhiteElo "1790"]
[BlackElo "1551"]
[PlyCount "0"]
[EventDate "2022.08.27"]

1. d4 d5 2. Nf3 Nf6 3. Bg5 e6 4. e3 Be7 5. c4 h6 6. Bf4 O-O 7. Nc3 c5 8. Be2
Nc6 9. O-O b6 10. a3 Bb7 11. cxd5 exd5 12. Rc1 Rc8 13. Bd3 Re8 14. Bf5 Ra8
15. Nb5 Rf8 16. Bc7 Qe8 17. Nd6 Bxd6 18. Bxd6 c4 19. Bxf8 Qxf8 20. Ne5 Ne7
21. Nd7 Nxd7 22. Bxd7 Qd8 23. Bg4 Ng6 24. f4 Qe7 25. Qf3 Rf8 26. f5 Nh4 27. Qf4
g5 28. Qf2 Qe4 29. h3 Bc8 30. g3 Kh7 31. gxh4 gxh4 32. Qf4 Qe8 33. f6 Rg8
34. Kh2 Bxg4 35. hxg4 Rg5 36. Rf3 Qb5 37. Rf2 Qd7 38. Rg1 Qe8 39. Rf3 Qg8
40. Rh3 Qg6 41. Rxh4 Qc2+ 42. Rg2 1-0

[Event "POHÁR města Říčany 2022"]
[Site "Městské kulturní středisko U labutě"]
[Date "2022.08.28"]
[Round "2.35"]
[White "Glasberger, Roman"]
[Black "Konvalinka, Vladislav"]
[Result "1/2-1/2"]
[WhiteElo "1533"]
[BlackElo "1764"]
[PlyCount "0"]
[EventDate "2022.08.27"]

1. e4 c6 2. d4 d5 3. exd5 cxd5 4. c4 Nf6 5. Nc3 e6 6. a3 Nc6 7. Nf3 Be7 8. Bd3
O-O 9. O-O dxc4 10. Bxc4 b6 11. Be3 Bb7 12. h3 Rc8 13. Ba2 Na5 14. Qe2 Nd5
15. Nxd5 Bxd5 16. Bxd5 Qxd5 17. Rfc1 Nb3 18. Rxc8 Rxc8 19. Rd1 h6 20. Qd3 Qc4
21. Qxc4 Rxc4 22. Nd2 Nxd2 23. Rxd2 Rc1+ 24. Kh2 Rc8 1/2-1/2

[Event "POHÁR města Říčany 2022"]
[Site "Městské kulturní středisko U labutě"]
[Date "2022.08.28"]
[Round "2.36"]
[White "Cabart, Pavel"]
[Black "Chernyy, Andrey"]
[Result "1-0"]
[WhiteElo "1757"]
[BlackElo "1534"]
[PlyCount "0"]
[EventDate "2022.08.27"]

1. e4 e5 2. Nf3 Nc6 3. d4 exd4 4. Nxd4 Bb4+ 5. c3 Bc5 6. Be3 Bb6 7. Qg4 Qf6
8. Qg3 Nxd4 9. cxd4 Bxd4 10. Bxd4 Qxd4 11. Nc3 d6 12. Rd1 Qf6 13. Nd5 Qg6
14. Nxc7+ Kd7 15. Qxg6 hxg6 16. Nxa8 Rh5 17. Bc4 b6 18. Bxf7 Ne7 19. Rc1 Re5
20. O-O Bb7 21. Nxb6+ axb6 22. f3 g5 23. b4 1-0

[Event "POHÁR města Říčany 2022"]
[Site "Městské kulturní středisko U labutě"]
[Date "2022.08.28"]
[Round "2.37"]
[White "Gacho, Ondrej"]
[Black "Kubice, Jakub"]
[Result "1-0"]
[WhiteElo "1517"]
[BlackElo "1750"]
[PlyCount "0"]
[EventDate "2022.08.27"]

1. e4 e5 2. Nf3 Nf6 3. Nxe5 d6 4. Nf3 Nxe4 5. d4 d5 6. Bd3 Bd6 7. Nbd2 Nxd2
8. Bxd2 O-O 9. O-O Bg4 10. Re1 Nd7 11. h3 Bh5 12. Bg5 Nf6 13. c3 c6 14. Bc2 h6
15. Bh4 g5 16. Bg3 Bxg3 17. fxg3 Kg7 18. Qd2 Bg6 19. Rad1 h5 20. Re5 Ne4 1-0

[Event "POHÁR města Říčany 2022"]
[Site "Městské kulturní středisko U labutě"]
[Date "2022.08.28"]
[Round "2.38"]
[White "Mach, Jan"]
[Black "Sboev, Kirill"]
[Result "1/2-1/2"]
[WhiteElo "1737"]
[BlackElo "1522"]
[PlyCount "0"]
[EventDate "2022.08.27"]

1. Nf3 d5 2. c4 e6 3. d4 Be7 4. Nc3 Nf6 5. e3 O-O 6. Bd3 Nbd7 7. O-O b6 8. cxd5
exd5 9. b3 Bb7 10. Bb2 Ne4 11. Rc1 Ndf6 12. Nb5 c6 13. Nc3 Rc8 14. Nd2 Nd6
15. Re1 Re8 16. e4 dxe4 17. Ndxe4 Ndxe4 18. Nxe4 Nxe4 19. Bxe4 Bb4 20. Bc3 Bxc3
21. Rxc3 Qf6 22. Rf3 Qd6 23. Rfe3 Red8 24. Bf3 h6 25. Bg4 Rb8 26. h3 Qa3 27. Qc2
Qb4 28. Qd3 c5 29. Re7 Qxd4 30. Qxd4 Rxd4 31. Re8+ Rxe8 32. Rxe8+ Kh7 33. Re7
Bd5 34. Rxa7 Rb4 35. Rd7 Be6 36. Bxe6 fxe6 37. Rd6 e5 38. f3 Rb5 39. Kf1 Ra5
40. Rxb6 Rxa2 41. Rb5 Rc2 42. b4 cxb4 43. Rxb4 Kg6 44. Re4 Rc5 1/2-1/2

[Event "POHÁR města Říčany 2022"]
[Site "Městské kulturní středisko U labutě"]
[Date "2022.08.28"]
[Round "2.39"]
[White "Kubicek, Daniel"]
[Black "Chmelik, Ladislav"]
[Result "0-1"]
[WhiteElo "1364"]
[BlackElo "1734"]
[PlyCount "0"]
[EventDate "2022.08.27"]

1. e4 d5 2. exd5 Qxd5 3. Nc3 Qd8 4. Bc4 Nf6 5. Nf3 Bg4 6. d3 e6 7. O-O Be7
8. Re1 O-O 9. b3 c6 10. a4 Bb4 11. Bd2 Qa5 12. Ne4 Nxe4 13. Bxb4 Qxb4 14. Rxe4
Bf5 15. Rh4 Qe7 16. c3 Nd7 17. d4 Rad8 18. Bd3 Ne5 19. dxe5 Rxd3 20. Qe2 Rxf3
21. Rc4 Rd3 22. g4 Bg6 23. f4 Rfd8 24. Rf1 Qh4 25. Rd4 R3xd4 26. cxd4 Rxd4
27. Rd1 Rxd1+ 28. Qxd1 h5 29. gxh5 Bxh5 30. Qd2 Qg4+ 31. Kf2 Qf3+ 32. Ke1 Qh1+
33. Kf2 Qxh2+ 34. Ke3 Qg3+ 0-1

[Event "POHÁR města Říčany 2022"]
[Site "Městské kulturní středisko U labutě"]
[Date "2022.08.29"]
[Round "4.1"]
[White "Novotny, Michal"]
[Black "Novak, Jindrich"]
[Result "1/2-1/2"]
[WhiteElo "2241"]
[BlackElo "2093"]
[PlyCount "0"]
[EventDate "2022.08.27"]

1. e4 d6 2. d4 e5 3. Nf3 Nc6 4. Bb5 Bd7 5. Nc3 Nf6 6. Bxc6 Bxc6 7. Qd3 exd4
8. Nxd4 Bd7 9. Bg5 Be7 10. O-O-O Ng4 11. Bxe7 Qxe7 12. Nd5 Qd8 13. Qg3 O-O
14. f3 c6 15. h3 cxd5 16. hxg4 dxe4 17. Qxd6 Qg5+ 18. Kb1 Rad8 19. Qc7 Bc8
20. c3 Qg6 21. Ka1 Rd6 22. Rde1 exf3 23. gxf3 Ra6 24. Rh5 Be6 25. Ra5 Qd3
26. Rxa6 Qxa6 27. a3 h6 28. g5 hxg5 29. Qc5 b6 30. Qxg5 Qc4 31. Kb1 Qd3+ 32. Kc1
Ba2 33. Qf5 Qxf5 34. Nxf5 g6 35. Nd4 Be6 36. Nxe6 Re8 37. Kd2 fxe6 38. Ke3 Rd8
39. Rg1 1/2-1/2

[Event "POHÁR města Říčany 2022"]
[Site "Městské kulturní středisko U labutě"]
[Date "2022.08.29"]
[Round "4.2"]
[White "Rut, Vojtech"]
[Black "Vojta, Jakub"]
[Result "0-1"]
[WhiteElo "2111"]
[BlackElo "2313"]
[PlyCount "0"]
[EventDate "2022.08.27"]

1. d4 Nf6 2. Nf3 g6 3. g3 Bg7 4. Bg2 O-O 5. O-O d5 6. c4 dxc4 7. Na3 Nc6
8. Nxc4 Be6 9. b3 Bd5 10. Bb2 a5 11. a4 Qc8 12. Rc1 Rd8 13. e3 Qe6 14. Ne1 Bxg2
15. Nxg2 Bh6 16. Qf3 Qh3 17. Nh4 Qe6 18. Rcd1 Ne4 19. Ng2 Rd5 20. Qe2 Rad8
21. f3 Nf6 22. Qf2 Qh3 23. e4 Rh5 24. Nge3 Nb4 25. Ng4 Bg7 26. Nxf6+ Bxf6 27. e5
Bg7 28. Nxa5 Nd5 29. Rfe1 Bh6 30. Bc1 Bxc1 31. Rxc1 Nb4 32. Red1 b6 33. Nc6 Nxc6
34. Rxc6 Rxe5 35. Rxc7 Qe6 36. Rd2 Re3 37. d5 Qe5 38. Rb7 Rxb3 39. a5 Rxf3
40. Qxf3 Qe1+ 41. Qf1 Qxd2 42. Rxe7 Qd4+ 43. Qf2 Qxf2+ 44. Kxf2 bxa5 45. Re5 f6
46. Re6 Kf7 47. Ra6 Rxd5 48. Ra7+ Ke6 49. Rxh7 Rh5 50. Rg7 Rxh2+ 51. Kf3 Kf5
52. Rb7 Ra2 53. Rb5+ Ke6 54. Rb6+ Kf7 55. Ra6 a4 56. g4 a3 57. Kg3 Ra1 58. Kf3
a2 59. Kg2 f5 60. gxf5 gxf5 61. Kh2 Ke7 62. Kg2 f4 63. Ra3 f3+ 64. Rxf3 Rb1 0-1

[Event "POHÁR města Říčany 2022"]
[Site "Městské kulturní středisko U labutě"]
[Date "2022.08.29"]
[Round "4.3"]
[White "Dudek, Vojtech"]
[Black "Horak, Martin"]
[Result "1-0"]
[WhiteElo "2144"]
[BlackElo "2238"]
[PlyCount "0"]
[EventDate "2022.08.27"]

1. e4 c5 2. Nf3 d6 3. d4 cxd4 4. Qxd4 Nc6 5. Bb5 Bd7 6. Bxc6 Bxc6 7. Nc3 Nf6
8. Bg5 e6 9. O-O-O Be7 10. Qd3 Qa5 11. h4 h6 12. Bd2 Qa6 13. Qxa6 bxa6 14. Rhe1
e5 15. Nh2 O-O 16. g4 Nd7 17. h5 Rfd8 18. Nf1 Nf6 19. Ne3 Bf8 20. f3 Rac8
21. Re2 d5 22. exd5 Nxd5 23. Nexd5 Bxd5 24. Nxd5 Rxd5 25. Bc3 Rxd1+ 26. Kxd1 f6
27. Rd2 Rc7 28. Ba5 Rb7 29. c4 Kf7 30. Kc2 Ke6 31. a3 Bc5 32. Rd5 Bd4 33. Bc3
Rc7 34. Kd3 Bxc3 35. Kxc3 f5 36. gxf5+ Kxf5 37. c5 g6 38. hxg6 h5 39. Kc4 h4
40. Rd1 Kxg6 41. Rh1 Kg5 42. Kd5 Kf4 43. Rxh4+ Kxf3 44. c6 Rc8 45. Kd6 e4
46. Kd7 1-0